00238nam a2200109Ia 4500100001900000654001300019245004100032260002000073082001500093300000800108546001200116 aSimon/Richard  acomputer aCommon Controls & Messages Book 2 bTechmediac1996 a5.133bSIM a958 aENGLISH